| 000 | 01434nam0a2200337 i 4500 | ||
|---|---|---|---|
| 001 | RU\NLR\BIBL_A\010003025 | ||
| 005 | 20240921201655.0 | ||
| 021 |
_aRU _b13-78086 |
||
| 035 | _a(NILC)RuMoRGB-006672508 | ||
| 035 | _a(NLR Aleph) 010003025 | ||
| 090 |
_a9807266 _c9807266 |
||
| 100 | _a20131112d2013 u y0rusy50 ca | ||
| 101 | 0 | _arus | |
| 102 | _aRU | ||
| 105 | _aa|||||||||||| | ||
| 200 | 1 |
_aТехника передвижения по скальному рельефу и работа с веревкой _eучебно-методическое пособие _fА. С. Дудко, А. И. Кузнецов _gМ-во внутренних дел Рос. Федерации, Краснодарский ун-т |
|
| 210 |
_aКраснодар _cКрУ МВД России _d2013 |
||
| 215 |
_a35 с. _cил. _d20 |
||
| 320 | _aБиблиогр.: с. 34 (8 назв.) | ||
| 606 | 1 |
_aСкалолазание _jУчебно-методические пособия _xТренировка _92140660 _3RU\NLR\AUTH\661594787 |
|
| 610 | 0 | _aскалолазание | |
| 675 | _a796.525(075.8) | ||
| 686 | 1 | _aЧ518.251.15я7 | |
| 700 | 1 |
_aДудко _bА. С. _gАлексей Сергеевич |
|
| 701 | 1 |
_aКузнецов _bА. И. _gАлексей Игоревич |
|
| 801 | 0 |
_aRU _bRuMoRKP _c20130930 _gRCR |
|
| 801 | 2 |
_aRU _bРГБ _c20131010 _grcr |
|
| 942 | _cBOOK | ||
| 980 | _aNBR | ||